000 00635nam a2200241Ia 4500
003 OSt
005 20220928121849.0
006 a|||||r|||| 00| 0
007 ta
008 220927b |||||||| |||| 00| 0 eng d
024 _a145254
037 _cTextual
040 _aSDCL
_cSDCL
_beng
041 _2eng
_aeng
082 _aB15, P7 ILLL
100 _aBurton David M
_9454558
245 0 _aElementary number theory.
250 _a6
260 _aNew Delhi
_bTata McGraw - Hill Education
_c2007
300 _axiii,434p.
_ccm.
942 _hB15, P7 ILLL
_cTEXL
_2CC
999 _c768288
_d768288